Chuyển đến nội dung

Воспалительные заболевания конъюнктивы учебное пособие

Учебное пособие подготовлено в соответствии с требованиями ФГОС ВО 3++, учебными планами и рабочей программой дисциплины «Офтальмология» для формирования профессиональных компетенций специалистов, обучающихся по специальности 31.05.02. Педиатрия в соответствии с трудовыми функциями А/01.7 и А/02.7 с...

Mô tả đầy đủ

Đã lưu trong:
Chi tiết về thư mục
Tác giả chính: Азнабаев М. Т.
Tác giả khác: Авхадеева С. Р., Азаматова Г. А., Гайсина Г. Я.
Định dạng: Книга
Ngôn ngữ:Russian
Được phát hành: Уфа БГМУ 2022
Truy cập trực tuyến:https://e.lanbook.com/book/320633
https://e.lanbook.com/img/cover/book/320633.jpg
Các nhãn: Thêm thẻ
Không có thẻ, Là người đầu tiên thẻ bản ghi này!
LEADER 02486nam0a2200301 i 4500
001 320633
003 RuSpLAN
005 20240216150941.0
008 240216s2022 ru gs 000 0 rus
040 |a RuSpLAN 
041 0 |a rus 
044 |a ru 
080 |a 617.711-002 
084 |a 56.7  |2 rubbk 
245 0 0 |a Воспалительные заболевания конъюнктивы  |b учебное пособие  |c Азнабаев М. Т.,Авхадеева С. Р.,Азаматова Г. А.,Гайсина Г. Я. 
260 |a Уфа  |b БГМУ  |c 2022 
300 |a 91 с. 
504 |a Библиогр.: доступна в карточке книги, на сайте ЭБС Лань 
520 8 |a Учебное пособие подготовлено в соответствии с требованиями ФГОС ВО 3++, учебными планами и рабочей программой дисциплины «Офтальмология» для формирования профессиональных компетенций специалистов, обучающихся по специальности 31.05.02. Педиатрия в соответствии с трудовыми функциями А/01.7 и А/02.7 согласно профессионального стандарта «Врач-педиатр участковый» (Москва, 2017 г.). Содержит сведения о строении и функции конъюнктивы, о воспалительных заболеваниях конъюнктивы с подробным описанием клинической картины, диагностики и лечения. Данное учебное пособие оснащено тестовыми заданиями и ситуационными задачами с эталонами ответов. Предназначено в качестве дополнительной литературы для изучения дисциплин при подготовке обучающихся. 
521 8 |a Книга из коллекции БГМУ - Медицина 
521 8 |a СЭБ 
100 1 |a Азнабаев М. Т. 
700 1 |a Авхадеева С. Р. 
700 1 |a Азаматова Г. А. 
700 1 |a Гайсина Г. Я. 
856 4 |u https://e.lanbook.com/book/320633 
856 4 8 |u https://e.lanbook.com/img/cover/book/320633.jpg 
953 |a https://e.lanbook.com/img/cover/book/320633.jpg